000 nam a22 7a 4500
999 _c28323
_d28323
008 170301b xxu||||| |||| 00| 0 eng d
020 _a9781565335486
020 _a1565335481
050 _aRT55
_b.P43 2011
100 _aSommer Sheryl
245 _aRN pharmacology for nursing ; review module edition 6.0. /
_cSommer Sheryl [and others]
250 _a 6.0.
_breview module edition
260 _aOverland Park, KS :
_bAssessment Technologies Institute,
_c2013.
300 _axiv, 653p. :
_bill.;
_c28 cm
440 _aContent mastery series.
650 _aNursing
_xExaminations, questions, etc.
650 _aPharmacology
_xExaminations, questions, etc.
942 _2lcc
_cBOOKS
_hRT55 .P43 2011